[Event "Titled Tuesday intern op 11th Feb Early"]
[Site "Chess.com INT"]
[Date "2025.02.11"]
[Round "1"]
[White "Vaishali, Ramesh Babu"]
[Black "Velazquez, Kevin"]
[Result "1-0"]
[WhiteElo "2476"]
[BlackElo "2049"]
[PlyCount "131"]
[EventDate "2025.02.11"]
[EventType "swiss (blitz)"]
[EventRounds "11"]
[EventCountry "USA"]
[SourceTitle "CB08_2025"]
[SourceDate "2025.02.19"]
[SourceVersion "1"]
[SourceVersionDate "2025.02.19"]
[SourceQuality "1"]

1. c4 Nf6 2. g3 c6 3. Bg2 d5 4. Nf3 g6 5. 0-0 Bg7 6. d4 0-0 7. h3 a6 8. Nc3 b5 9. cxd5 cxd5 10. a4 b4 11. Na2 a5 12. Bf4 Nc6 13. Ne5 Qb6 14. Nxc6 Qxc6 15. Rc1 Qb6 16. Bc7 Qa7 17. Be5 Bb7 18. Rc7 e6 19. Qd3 Rfc8 20. Rfc1 Qb6 21. Qb5 Qxb5 22. axb5 b3 23. Rxb7 bxa2 24. Ra1 Ne4 25. Bxg7 Kxg7 26. Bxe4 dxe4 27. Rxa2 Rc2 28. e3 a4 29. b6 Ra6 30. Rc7 Rxc7 31. bxc7 Rc6 32. Rxa4 Rxc7 33. Rb4 Rc1+ 34. Kg2 g5 35. Rb5 h6 36. Re5 Rb1 37. Rb5 Kf6 38. g4 Rc1 39. Rb7 Rb1 40. f3 exf3+ 41. Kxf3 Rh1 42. Kg2 Re1 43. Kf2 Rh1 44. Kg2 Re1 45. Rb3 Kg6 46. Kf2 Rh1 47. e4 Rd1 48. Ke3 h5 49. gxh5+ Kxh5 50. Rb7 Kg6 51. b4 Rb1 52. d5 exd5 53. exd5 Rb3+ 54. Kd4 Rxh3 55. d6 Kf6 56. Kd5 Rd3+ 57. Kc6 g4 58. Rb8 g3 59. Rg8 Ke6 60. Re8+ Kf6 61. Re1 Rc3+ 62. Kb7 Rd3 63. Kc7 Rc3+ 64. Kd8 Rd3 65. d7 Rb3 66. Ke8 1-0

[Event "Titled Tuesday intern op 28th Jan Early"]
[Site "Chess.com INT"]
[Date "2025.01.28"]
[Round "2"]
[White "Velazquez, Kevin"]
[Black "Ugorek, Kacper"]
[Result "0-1"]
[WhiteElo "2038"]
[BlackElo "2154"]
[PlyCount "58"]
[EventDate "2025.01.28"]
[EventType "swiss (blitz)"]
[EventRounds "11"]
[EventCountry "USA"]
[SourceTitle "CB06_2025"]
[SourceDate "2025.02.05"]
[SourceVersion "1"]
[SourceVersionDate "2025.02.05"]
[SourceQuality "1"]

1. d4 Nf6 2. Nf3 g6 3. h4 Bg7 4. h5 Nxh5 5. Rxh5 gxh5 6. Bf4 d6 7. e3 Bg4 8. Bc4 Nd7 9. c3 e5 10. Bg3 e4 11. Qb3 exf3 12. Bxf7+ Kf8 13. gxf3 Bxf3 14. Nd2 Bg4 15. f3 Bf5 16. Bxh5 Bg6 17. Bg4 Nf6 18. Be6 Qe7 19. 0-0-0 Re8 20. d5 Bf7 21. Bxf7 Qxf7 22. e4 b6 23. Qa4 a5 24. Rf1 Nh5 25. Bh2 Nf4 26. Nc4 Be5 27. Kb1 Rg8 28. Ne3 Ng2 29. Nxg2 Rxg2 0-1

[Event "Titled Tuesday intern op 09th Jul Late"]
[Site "Chess.com INT"]
[Date "2024.07.09"]
[Round "5"]
[White "Ferreira, Vitor Hugo Vieira"]
[Black "Velazquez, Kevin"]
[Result "1-0"]
[WhiteElo "2128"]
[BlackElo "1997"]
[PlyCount "83"]
[EventDate "2024.07.09"]
[EventType "swiss (blitz)"]
[EventRounds "11"]
[EventCountry "USA"]
[SourceTitle "EXT 2025"]
[Source "ChessBase"]
[SourceDate "2024.10.14"]
[SourceVersion "1"]
[SourceVersionDate "2024.10.14"]
[SourceQuality "1"]

1. e4 c6 2. d4 d5 3. exd5 cxd5 4. Bd3 Nc6 5. c3 Qc7 6. Ne2 e5 7. dxe5 Nxe5 8. Bb5+ Bd7 9. Qxd5 0-0-0 10. Bf4 Nf6 11. Bxd7+ Nfxd7 12. 0-0 Bd6 13. Na3 Nf6 14. Qb3 Nf3+ 15. gxf3 Bxf4 16. Nb5 Bxh2+ 17. Kg2 Qe5 18. Nxa7+ Kc7 19. Nb5+ Kb8 20. Rae1 Rd5 21. f4 Qh5 22. Nbd4 Bxf4 23. Ng3 Rg5 24. Nc6+ Kc8 25. Ne7+ Kc7 26. Qc4+ Kb8 27. Qxf4+ Ka8 28. Rh1 Qg4 29. Qxg4 Rxg4 30. Nef5 h5 31. Ne3 Ra4 32. b3 Rxa2 33. Ra1 Rxa1 34. Rxa1+ Kb8 35. Ngf5 g6 36. Nd4 Ne4 37. c4 f5 38. Nd5 h4 39. f3 h3+ 40. Kh2 Ng5 41. Rg1 Nf7 42. Rxg6 1-0

[Event "Titled Tuesday intern op 09th Jul Late"]
[Site "Chess.com INT"]
[Date "2024.07.09"]
[Round "1"]
[White "Velazquez, Kevin"]
[Black "Kochiev, Ivan"]
[Result "0-1"]
[WhiteElo "1997"]
[BlackElo "2074"]
[PlyCount "38"]
[EventDate "2024.07.09"]
[EventType "swiss (blitz)"]
[EventRounds "11"]
[EventCountry "USA"]
[SourceTitle "EXT 2025"]
[Source "ChessBase"]
[SourceDate "2024.10.14"]
[SourceVersion "1"]
[SourceVersionDate "2024.10.14"]
[SourceQuality "1"]

1. e4 c5 2. Nf3 d6 3. d4 cxd4 4. Nxd4 Nf6 5. Nc3 Nc6 6. Bg5 e6 7. Qd2 a6 8. 0-0-0 Bd7 9. f4 b5 10. a3 Rc8 11. g4 Be7 12. Bxf6 Bxf6 13. Nce2 Qb6 14. e5 dxe5 15. Nf3 Qc7 16. g5 Be7 17. fxe5 Nxe5 18. Nxe5 Bxg5 19. Nxd7 Qxc2# 0-1

[Event "North American op 29th"]
[Site "Las Vegas"]
[Date "2019.12.29"]
[Round "8"]
[White "Botez, Alexandra"]
[Black "Velazquez, Kevin"]
[Result "0-1"]
[WhiteElo "2062"]
[BlackElo "1713"]
[PlyCount "94"]
[EventDate "2019.12.26"]
[EventType "swiss"]
[EventRounds "9"]
[EventCountry "USA"]
[SourceTitle "CBM 194 Extra"]
[Source "ChessBase"]
[SourceDate "2020.03.31"]
[SourceVersion "1"]
[SourceVersionDate "2020.03.31"]
[SourceQuality "1"]

1. d4 Nf6 2. c4 e6 3. Nf3 b6 4. g3 Ba6 5. b3 Bb4+ 6. Bd2 Be7 7. Bg2 d5 8. 0-0 0-0 9. Bc3 Ne4 10. Bb2 Nd7 11. Nbd2 Ndf6 12. Ne5 Bb7 13. f3 Nd6 14. e3 c5 15. Qe2 cxd4 16. exd4 dxc4 17. Ndxc4 Nf5 18. Rad1 Nd5 19. Bh3 b5 20. Bxf5 exf5 21. Ne3 f4 22. Nxd5 Qxd5 23. gxf4 Rac8 24. Qg2 Rfe8 25. Kh1 f5 26. Rg1 Bf6 27. Rdf1 Re6 28. Rf2 Ra6 29. Ba1 Bxe5 30. fxe5 Rg6 31. Qf1 Rxg1+ 32. Kxg1 Rc6 33. Rg2 Rc7 34. Rf2 g5 35. Bb2 g4 36. Qd3 Rf7 37. Rg2 h5 38. Qe2 Kh7 39. Rf2 gxf3 40. Qe3 b4 41. Bc1 Rg7+ 42. Kf1 Ba6+ 43. Ke1 Rg1+ 44. Kd2 Qc6 45. Bb2 Rb1 46. Rxf3 Rxb2+ 47. Ke1 Qc2 0-1